| 000 | 00452nam a22001937a 4500 | ||
|---|---|---|---|
| 003 | MPLRDC | ||
| 005 | 20220104143720.0 | ||
| 008 | 210129b ||||| |||| 00| 0 eng d | ||
| 020 | _a983-9860-21-6 | ||
| 082 | _a574.386 LYH | ||
| 100 | _a林廷辉等 | ||
| 245 |
_a华人社会观察 _c |
||
| 250 | _a初版 | ||
| 260 |
_a _b十方 _c1999 |
||
| 300 | _b平 | ||
| 490 | _a十方文库 | ||
| 650 | _a马来西亚政治 | ||
| 942 |
_cBK _o574.386 LYH |
||
| 999 |
_c42630 _d42620 |
||